|
|
|
|
| LEADER |
01558nam a2200397 a 4500 |
| 001 |
EBC3041543 |
| 003 |
MiAaPQ |
| 005 |
20200520144314.0 |
| 006 |
m o d | |
| 007 |
cr cn||||||||| |
| 008 |
120926s2005 gw sb 001 0 ger d |
| 020 |
|
|
|z 3110188996
|
| 020 |
|
|
|z 9783110188998
|
| 020 |
|
|
|z 9783110927405 (e-book)
|
| 035 |
|
|
|a (MiAaPQ)EBC3041543
|
| 035 |
|
|
|a (Au-PeEL)EBL3041543
|
| 035 |
|
|
|a (CaPaEBR)ebr10595836
|
| 035 |
|
|
|a (OCoLC)922944521
|
| 040 |
|
|
|a MiAaPQ
|c MiAaPQ
|d MiAaPQ
|
| 043 |
|
|
|a a-tu---
|a e------
|
| 050 |
|
4 |
|a DS156.I82
|b F45 2005
|
| 100 |
1 |
|
|a Feld, Karl.
|
| 245 |
1 |
0 |
|a Barbarische Burger
|h [electronic resource] :
|b die Isaurier und das Romische Reich /
|c von Karl Feld.
|
| 260 |
|
|
|a Berlin :
|b Walter de Gruyter,
|c 2005.
|
| 300 |
|
|
|a xii, 411 p.
|
| 490 |
1 |
|
|a Millennium-Studien zu Kultur und Geschichte des ersten Jahrtausends n. Chr. = Millennium studies in the culture and history of the first millennium C.E. ;
|v Bd. 8
|
| 504 |
|
|
|a Includes bibliographical references and index.
|
| 533 |
|
|
|a Electronic reproduction. Ann Arbor, MI : ProQuest, 2015. Available via World Wide Web. Access may be limited to ProQuest affiliated libraries.
|
| 651 |
|
0 |
|a Isauria
|x History.
|
| 651 |
|
0 |
|a Isauria
|x Antiquities.
|
| 651 |
|
0 |
|a Rome
|x Relations
|z Turkey
|z Isauria.
|
| 651 |
|
0 |
|a Isauria
|x Relations
|z Rome.
|
| 655 |
|
4 |
|a Electronic books.
|
| 710 |
2 |
|
|a ProQuest (Firm)
|
| 830 |
|
0 |
|a Millennium-Studien ;
|v Bd. 8.
|
| 856 |
4 |
0 |
|u https://ebookcentral.proquest.com/lib/matrademy/detail.action?docID=3041543
|z Click to View
|